Score 0/30 Timer 03:00
5 Plays Today
Clue 4-Letter Word % Correct
007BOND
87.5%
Control + CCOPY
86.8%
Kitchen fixtureOVEN
84.3%
Control + OOPEN
82.5%
Deal with tough timesCOPE
81.5%
Control + SSAVE
79.2%
'Frozen' reindeerSVEN
78.5%
SpottedSEEN
78.3%
Went to the bottomSANK
76.4%
Control + BBOLD
75.9%
Search forSEEK
75.5%
Quick glancePEEK
75%
Control + FFIND
75%
Nevada casino cityRENO
73.8%
Rational; practicalSANE
73.5%
Clue 4-Letter Word % Correct
Composer PorterCOLE
70.7%
Jam or pickleBIND
70.6%
Unfriendly; distantCOLD
69.6%
Buffalo Bill's surnameCODY
66.4%
Tear to piecesREND
65.3%
Cub Scout unitPACK
63.6%
Potato holderSACK
61.8%
Eight quartsPECK
60.4%
Grow dimFADE
58.9%
ManageFEND
57.9%
Top choice, for shortFAVE
57%
Expressed, as a farewellBADE
48.9%
Control + YREDO
46.6%
Be an omen ofBODE
46.1%
Wine qualityBODY
45%

Today's Daily Dose

Remove Ads.
Support Sporcle.
Get the best of Sporcle when you Go Orange. This ad-free experience offers more features, more stats, and more fun while also helping to support Sporcle. Thank you for becoming a member.

You're not logged in!

Compare scores with friends on all Sporcle quizzes.
OR
Log In

Show Comments

Extras

Top Quizzes Today


Score Distribution

Your Account Isn't Verified!

In order to create a playlist on Sporcle, you need to verify the email address you used during registration. Go to your Sporcle Settings to finish the process.

Report this User

Report this user for behavior that violates our Community Guidelines.

Details: